000 00767nam a2200265Ia 4500
003 OSt
005 20221005092603.0
006 a|||||r|||| 00| 0
007 ta
008 221004b |||||||| |||| 00| 0 eng d
020 _a0415117372 (pbk)
_cGift
024 _a43949
037 _bGift, 30/05/2019,
_cTextual
040 _aCRL
_cCRL
_beng
041 _2eng
_aeng
082 _aP:795, N7
100 _aHatim Basil Au.
_9617561
245 0 _aTranslator as communicator
260 _aNew York
_bRoutledge USA
_c1997
300 _axii,244p.
_ccm.
650 _aTRANSLATING AND INTERPRETING
700 _a Mason Ian Au.
_9617562
942 _hP:795, N7
_cTEXL
_2cc
999 _c999088
_d999088